<?xml version="1.0" encoding="UTF-8"?>
<record
    xmlns:xsi="http://www.w3.org/2001/XMLSchema-instance"
    xsi:schemaLocation="http://www.loc.gov/MARC21/slim http://www.loc.gov/standards/marcxml/schema/MARC21slim.xsd"
    xmlns="http://www.loc.gov/MARC21/slim">

  <leader>01144nam0a22003011  4500</leader>
  <controlfield tag="001">RU\INFOCOMM_327\NLR\5000012081</controlfield>
  <controlfield tag="005">20250613104922.0</controlfield>
  <datafield tag="035" ind1=" " ind2=" ">
    <subfield code="a">(NLR Aleph) 009515644</subfield>
  </datafield>
  <datafield tag="090" ind1=" " ind2=" ">
    <subfield code="a">8794512</subfield>
    <subfield code="c">8794512</subfield>
  </datafield>
  <datafield tag="100" ind1=" " ind2=" ">
    <subfield code="a">20121212d1991    |||y0rusy50      ca</subfield>
  </datafield>
  <datafield tag="101" ind1="1" ind2=" ">
    <subfield code="a">eng</subfield>
  </datafield>
  <datafield tag="102" ind1=" " ind2=" ">
    <subfield code="a">RU</subfield>
  </datafield>
  <datafield tag="105" ind1=" " ind2=" ">
    <subfield code="a">y   z   |||||</subfield>
  </datafield>
  <datafield tag="200" ind1="1" ind2=" ">
    <subfield code="a">&#x88;The &#x89;subjects of early Russian icons</subfield>
    <subfield code="f">A. Kostsova</subfield>
    <subfield code="g">[&#x41F;&#x435;&#x440;. &#x41F;&#x43E;&#x43B; &#x420;&#x43E;&#x431;&#x435;&#x440;&#x442; &#x423;&#x438;&#x43B;&#x43B;&#x44C;&#x44F;&#x43C;&#x441;]</subfield>
  </datafield>
  <datafield tag="210" ind1=" " ind2=" ">
    <subfield code="a">St. Petersburg</subfield>
    <subfield code="c">Iskusstvo</subfield>
    <subfield code="d">1991</subfield>
  </datafield>
  <datafield tag="215" ind1=" " ind2=" ">
    <subfield code="a">223 &#x441;.</subfield>
    <subfield code="c">&#x446;&#x432;. &#x438;&#x43B;.</subfield>
    <subfield code="d">11 &#x441;&#x43C;</subfield>
  </datafield>
  <datafield tag="300" ind1=" " ind2=" ">
    <subfield code="a">&#x412; &#x432;&#x44B;&#x43F;. &#x434;&#x430;&#x43D;.: &#x421;&#x44E;&#x436;&#x435;&#x442;&#x44B; &#x434;&#x440;&#x435;&#x432;&#x43D;&#x435;&#x440;&#x443;&#x441;&#x441;&#x43A;&#x438;&#x445; &#x438;&#x43A;&#x43E;&#x43D; / &#x410;&#x43B;&#x435;&#x43A;&#x441;&#x430;&#x43D;&#x434;&#x440;&#x430; &#x421;&#x435;&#x43C;&#x435;&#x43D;&#x43E;&#x432;&#x43D;&#x430; &#x41A;&#x43E;&#x441;&#x446;&#x43E;&#x432;&#x430;</subfield>
  </datafield>
  <datafield tag="300" ind1=" " ind2=" ">
    <subfield code="a">&#x41D;&#x430; &#x43F;&#x435;&#x440;. &#x430;&#x432;&#x442;. &#x43D;&#x435; &#x443;&#x43A;&#x430;&#x437;&#x430;&#x43D;</subfield>
  </datafield>
  <datafield tag="606" ind1="0" ind2=" ">
    <subfield code="a">&#x418;&#x43A;&#x43E;&#x43D;&#x43E;&#x43F;&#x438;&#x441;&#x44C;, &#x434;&#x440;&#x435;&#x432;&#x43D;&#x435;&#x440;&#x443;&#x441;&#x441;&#x43A;&#x430;&#x44F;</subfield>
    <subfield code="j">&#x410;&#x43B;&#x44C;&#x431;&#x43E;&#x43C;&#x44B;</subfield>
    <subfield code="2">nlr_sh1</subfield>
  </datafield>
  <datafield tag="620" ind1=" " ind2=" ">
    <subfield code="a">&#x421;&#x430;&#x43D;&#x43A;&#x442;-&#x41F;&#x435;&#x442;&#x435;&#x440;&#x431;&#x443;&#x440;&#x433;</subfield>
  </datafield>
  <datafield tag="686" ind1=" " ind2=" ">
    <subfield code="a">&#x429;143(2&#x420;=&#x420;&#x443;&#x441;)3-465.6&#x44F;61</subfield>
    <subfield code="2">rubbk</subfield>
  </datafield>
  <datafield tag="700" ind1=" " ind2="1">
    <subfield code="9">z01790</subfield>
    <subfield code="a">Koscova</subfield>
    <subfield code="b">A. S.</subfield>
    <subfield code="g">Aleksandra Semenovna</subfield>
  </datafield>
  <datafield tag="790" ind1=" " ind2="1">
    <subfield code="9">z01700</subfield>
    <subfield code="a">Kostsova</subfield>
    <subfield code="b">A.</subfield>
    <subfield code="4">070</subfield>
  </datafield>
  <datafield tag="801" ind1=" " ind2="1">
    <subfield code="a">RU</subfield>
    <subfield code="b">NLR</subfield>
    <subfield code="c">20121212</subfield>
  </datafield>
  <datafield tag="801" ind1=" " ind2="0">
    <subfield code="a">RU</subfield>
    <subfield code="b">INFOCOMM</subfield>
    <subfield code="g">PSBO</subfield>
  </datafield>
  <datafield tag="852" ind1=" " ind2=" ">
    <subfield code="a">NLR</subfield>
    <subfield code="j">&#x42D; &#x410;&#x43B;&#x418;&#x441;134/I-&#x41B;452</subfield>
  </datafield>
  <datafield tag="942" ind1=" " ind2=" ">
    <subfield code="c">BOOK</subfield>
  </datafield>
  <datafield tag="980" ind1=" " ind2=" ">
    <subfield code="a">NB</subfield>
  </datafield>
  <datafield tag="995" ind1=" " ind2=" ">
    <subfield code="5">2013-10-26</subfield>
    <subfield code="b">NLR02</subfield>
    <subfield code="c">NLR02</subfield>
    <subfield code="e">EST01</subfield>
    <subfield code="f">9515644-10</subfield>
    <subfield code="k">&#x42D; &#x410;&#x43B;&#x418;&#x441;134/I-&#x41B;452</subfield>
    <subfield code="o">0</subfield>
    <subfield code="r">BOOK</subfield>
    <subfield code="s">_134I452</subfield>
  </datafield>
</record>
